Half the world's tower cranes are here (Record no. 76337)

MARC details
000 -LEADER
fixed length control field 00978cab a2200181 4500
001 - CONTROL NUMBER
control field ##L132140
008 - FIXED-LENGTH DATA ELEMENTS--GENERAL INFORMATION
fixed length control field 060112n2006 000 0 eng u
035 ## - SYSTEM CONTROL NUMBER
System control number (Sirsi) u132140
041 0# - LANGUAGE CODE
Language code of text/sound track or separate title eng
100 1# - MAIN ENTRY--PERSONAL NAME
Personal name Fletcher, Jon
245 00 - TITLE STATEMENT
Title Half the world's tower cranes are here
260 ## - PUBLICATION, DISTRIBUTION, ETC.
Date of publication, distribution, etc. 2006
490 #0 - SERIES STATEMENT
Series statement QS Week
Volume/sequential designation (35) 11 January 2006, 10-11(2)
520 ## - SUMMARY, ETC.
Summary, etc. Reports on the opportunities for quantity surveyors and other construction professionals in the Middle East, which has one of the fastest growing construction markets in the world. Although salaries are generous and earnings tax-free, there are concerns about both security and a shortage of accommodation. Also reports on some of the problems encountered by companies wanting to establish offices in the region. Contains table of comparative construction costs in Saudi Arabia, UAE, Bahrain, Qatar, Lebanon and the UK.
590 ## - LOCAL NOTE (RLIN)
Local note IKA170106
690 ## - LOCAL SUBJECT ADDED ENTRY--TOPICAL TERM (OCLC, RLIN)
Topical term or geographic name as entry element BUILT ENVIRONMENT-CONSTRUCTION MARKET
942 ## - ADDED ENTRY ELEMENTS (KOHA)
Suppress in OPAC 0
Holdings
Withdrawn status Lost status Source of classification or shelving scheme Damaged status Not for loan Home library Current library Shelving location Date acquired Total Checkouts Full call number Barcode Date last seen Copy number Price effective from Koha item type
    Dewey Decimal Classification     London London Journal article 13/01/2006   L132140 132140-1001 06/08/2019 1 06/08/2019 Journal article